| 000 | 01158nas a2200229 a 4500 | ||
|---|---|---|---|
| 001 | 29928 | ||
| 003 | AR-BaAGN | ||
| 005 | 20240109112724.0 | ||
| 007 | ta | ||
| 008 | 220701s1924 ag |||p|r||||f|||||0spa d | ||
| 040 |
_aAR-BaAGN _bspa _eaacr |
||
| 110 | 2 | _aGobierno Escolar de la Provincia de Buenos Aires | |
| 245 | 1 | 0 | _aRevista de Educación de la Dirección de Escuelas de la Provincia de Buenos Aires. |
| 260 |
_aLa Plata : _bTaller de Impresiones Oficiales, _c1924. |
||
| 300 |
_a309 páginas : _bfotos |
||
| 336 |
_2rdacontent _btxt |
||
| 337 |
_2rdamedia _bn |
||
| 338 |
_2rdacarrier _bnc |
||
| 520 | _aPensamientos pedagógicos de Gabriela Mistral. Fomento de las bibliotecas populares. La educación primaria en Río de Janeiro. Las colonias de escolares de vacaciones. Oscar Wilde y su concepto de la educación práctica y estética de los niños. El progreso de nuestra instrucción primaria a través de los mensajes gubernativos. Documentación oficial: Circulares. Actas de Sesiones del Honorable Consejo General de Educación. Movimiento de personal docente de septiembre de 1923 y octubre de 1925 | ||
| 942 | _cREVISTA | ||
| 999 |
_c29928 _d29928 |
||